Govt. of
Madhya Pradesh

भारतीय सांस्‍कृतिक एवं ऐतिहासिक विरासतें (Record no. 47849)

MARC details
000 -LEADER
fixed length control field 006130000a22001690004500
003 - CONTROL NUMBER IDENTIFIER
control field MACL
005 - DATE AND TIME OF LATEST TRANSACTION
control field 20160531123555.0
008 - FIXED-LENGTH DATA ELEMENTS--GENERAL INFORMATION
fixed length control field 160531b xxu||||| |||| 00| 0 eng d
040 ## - CATALOGING SOURCE
Original cataloging agency MACL
Transcribing agency MACL
041 ## - LANGUAGE CODE
Language code of text/sound track or separate title Hindi
082 ## - DEWEY DECIMAL CLASSIFICATION NUMBER
Classification number 900 TIW
100 ## - MAIN ENTRY--PERSONAL NAME
Personal name तिवारी, गंगा सागर
9 (RLIN) 60966
245 ## - TITLE STATEMENT
Title भारतीय सांस्‍कृतिक एवं ऐतिहासिक विरासतें
Statement of responsibility, etc. गंगा सागर तिवारी
260 ## - PUBLICATION, DISTRIBUTION, ETC. (IMPRINT)
Place of publication, distribution, etc. इलाहाबाद
Name of publisher, distributor, etc. अनिल प्रकाशन
Date of publication, distribution, etc. 2012
350 ## - PRICE (NR) (BK AM CF MU VM SE) [OBSOLETE]
Price 250
942 ## - ADDED ENTRY ELEMENTS (KOHA)
Koha item type Hindi Books
Call number prefix 900/TIW
Source of classification or shelving scheme
Holdings
Withdrawn status Lost status Source of classification or shelving scheme Damaged status Not for loan Home library Current library Date acquired Cost, normal purchase price Total Checkouts Total Renewals Full call number Barcode Date last seen Date last checked out Uniform Resource Identifier Price effective from Koha item type
          MACL MACL 15/04/2015 250.00 1 1 900/TIW CRH029455 30/05/2018 24/04/2018 48707 15/04/2015 Books